000 00393nam a22001457a 4500
005 20250529172017.0
008 250529b |||||||| |||| 00| 0 eng d
050 _aBV4207
_bFAN
100 _aFANT, E. CLYDE
245 _a20 CENTURIES OF GREAT PREACHING;
_bAN ENCYCLOPEDIA OF PREACHING
250 _aVOL 8
260 _aTEXAS
_bWORD BOOKS PUBLISHER
300 _aviii, 321p
942 _2lcc
_cBK
_n0
999 _c6051
_d6051